Falange Española y la construcción de la dictadura franquista en el País Vasco (Registro nro. 430)

Detalles MARC
000 -LEADER
campo de control de longitud fija 01538nam a22002297a 4500
001 - NÚMERO DE CONTROL
campo de control EIF-VIII-2013-M4-002
003 - IDENTIFICADOR DE NÚMERO DE CONTROL
campo de control OSt
005 - FECHA Y HORA DE LA ÚLTIMA TRANSACCIÓN
campo de control 20221221120719.0
008 - DATOS DE LONGITUD FIJA--INFORMACIÓN GENERAL
campo de control de longitud fija 221221b |||||||| |||| 00| 0 eng d
040 ## - FUENTE DE CATALOGACIÓN
Centro catalogador/agencia de origen Fundación Jesús Pereda
Centro/agencia transcriptor Fundación Jesús Pereda
041 ## - CÓDIGO DE IDIOMA
Código de lengua del texto/banda sonora o título independiente Castellano
100 ## - ENTRADA PRINCIPAL--NOMBRE DE PERSONA
Filiación Universidad del País Vasco
Nombre de persona Fernández Redondo, Iñaki
9 (RLIN) 672
111 ## - ENTRADA PRINCIPAL--NOMBRE DE CONGRESO/REUNIÓN
Nombre de congreso/reunión o jurisdicción como elemento de entrada Encuentro de Investigadores del Franquismo
Sede del congreso/Lugar de la reunión (Barcelona.
Fecha del congreso o de la firma del tratado 2013.
Número del congreso/reunión o número de parte o sección 8º)
9 (RLIN) 100
245 ## - MENCIÓN DEL TÍTULO
Título Falange Española y la construcción de la dictadura franquista en el País Vasco
Mención de responsabilidad, etc. /Iñaki Fernández Redondo
520 ## - RESUMEN, ETC.
Sumario, etc. El cometido de esta comunicación es realizar un recorrido por el devenir de FE/JONS en las tres provincias vascas y determinar el alcance real que tuvo el fascismo en estos territorios. Analizaremos su penetración en las provincias, su implantación política durante la II República y su actuación durante la Guerra Civil. El objetivo es determinar cómo su trayectoria previa influyó en el papel que desempeñó en la implantación de la dictadura franquista así como la influencia que ejerció en la institucionalización del nuevo régimen.
610 #0 - PUNTO DE ACCESO ADICIONAL DE MATERIA--NOMBRE DE ENTIDAD CORPORATIVA
9 (RLIN) 306
Nombre de entidad corporativa o nombre de jurisdicción como elemento de entrada Falange Española Tradicionalista y de las Juntas de Ofensiva Nacional Sindicalista (FET y de las JONS)
650 #0 - PUNTO DE ACCESO ADICIONAL DE MATERIA--TÉRMINO DE MATERIA
9 (RLIN) 594
Término de materia o nombre geográfico como elemento de entrada Dictadura
651 #0 - PUNTO DE ACCESO ADICIONAL DE MATERIA--NOMBRE GEOGRÁFICO
9 (RLIN) 118
Nombre geográfico País Vasco
773 ## - ASIENTO DE ITEM FUENTE
Título <a href="Actas del VIII Encuentro de Investigadores del Franquismo">Actas del VIII Encuentro de Investigadores del Franquismo</a>
856 ## - LOCALIZACIÓN Y ACCESO ELECTRÓNICOS
Identificador Uniforme de Recursos <a href="https://bibliotecaccoocyl.fundacionjesuspereda.es/cgi-bin/koha/opac-retrieve-file.pl?id=5b23a3fae0a5ff859b87a56fbd286f00">https://bibliotecaccoocyl.fundacionjesuspereda.es/cgi-bin/koha/opac-retrieve-file.pl?id=5b23a3fae0a5ff859b87a56fbd286f00</a>
942 ## - ELEMENTOS DE ENTRADA SECUNDARIOS (KOHA)
Fuente del sistema de clasificación o colocación Clasificación Decimal Dewey
Tipo de ítem Koha Archivo de computadora
Suprimir en OPAC No

No hay ítems disponibles.

Página web subvencionada totalmente por la Consejería de Cultura y Turismo de la Junta de Castilla y León

Con tecnología Koha